| 000 | 02943cam a22004694i 4500 | ||
|---|---|---|---|
| 003 | PE-LiUPU | ||
| 005 | 20250731165421.0 | ||
| 008 | 151223s2013 pe a grm 000 0 spa d | ||
| 035 | _a(Sirsi) a155592 | ||
| 040 |
_aPE-LiUPU _bspa _cPE-LiUPU _erda |
||
| 082 | 0 | 4 |
_a658.314 _bZ52 3 |
| 099 |
_aTA 3 _bZ52 2013 |
||
| 100 | 1 |
_aZavala Cuentas, Ruth Joella _eautor |
|
| 245 | 1 |
_aCalidad de vida laboral y su relación con el compromiso organizacional del personal nombrado en la Municipalidad Provincial de San Román - 2013 / _cLRuth Joella Zavala Cuentas. |
|
| 264 | 0 | _c2013. | |
| 300 |
_a128 hojas : _bilustraciones; _c30 cm |
||
| 336 |
_atext _2rdacontent |
||
| 337 |
_aunmediated _2rdamedia |
||
| 338 |
_avolume _2rdacarrier |
||
| 502 |
_aTesis _b(Mg.) -- _cUniversidad Peruana Unión, _d2013. |
||
| 504 | _aIncluye referencias | ||
| 520 | 3 | _aLos cambios que vienen ocurriendo a lo largo de las últimas décadas en las organizaciones trajeron a discusión la importancia del desempeño de las personas en las organizaciones, incluyendo a las instituciones públicas. La presente investigación tiene por objetivo determinar la relación existente entre la calidad de vida laboral y el compromiso organizacional del personal nombrado en la sede administrativa de la Municipalidad Provincial de San Román. La metodología fue de tipo descriptivo correlacional de corte transversal, el tamaño de la muestra fue de 42 servidores públicos nombrados, a los cuales se aplicó un cuestionario estructurado en tres partes: la primera identifica los aspectos personales y profesionales, la segunda constituida por la escala de calidad de vida profesional CVP-35 y por último el instrumento de compromiso organizacional. Los datos obtenidos fueron analizados estadísticamente con la prueba Tau- b de Kendall, cuyos resultados evidenciaron que no existe relación significativa entre la calidad de vida laboral y el compromiso organizacional en el personal nombrado en la sede administrativa de la Municipalidad Provincial de San Román. Así mismo, se pudo determinar que existe correlación directa y significativa entre las cargas del trabajo y el compromiso organizacional. Por último, se halló que no existe relación entre la motivación intrínseca y el compromiso organizacional, ni entre el apoyo directo con el compromiso organizacional. | |
| 526 | _aSEG44 | ||
| 526 | _aSEG26 | ||
| 526 | _aP151 | ||
| 526 | _aP150 | ||
| 526 | _aP149 | ||
| 526 | _aP146 | ||
| 526 | _aP145 | ||
| 526 | _aP126 | ||
| 526 | _aP125 | ||
| 526 | _aP92 | ||
| 526 | _aP75 | ||
| 526 | _aP74 | ||
| 526 | _aP27 | ||
| 526 | _aP15 | ||
| 650 | 0 | 4 |
_aCompromiso organizacional _vTesis. |
| 650 | 0 | 4 |
_aLealtad del empleado _vTesis. |
| 596 | _a1 | ||
| 942 |
_2ddc _cTESIS |
||
| 999 |
_aTA 3 Z52 2013 _wALPHANUM _c8267 _iT01374 _lCCODEBUL3 _mBUL _r1 _sY _tTESIS _u2015-12-23 _xPOSGRADO _PP47 _o.STAFF. Tesis _d8267 |
||
| 980 |
_81 _gALBERTO SANCHEZ Responsable de Automatización |
||